| 000 | 00423nam a22001697a 4500 | ||
|---|---|---|---|
| 003 | NUST | ||
| 020 | _a978-81-265-24563 | ||
| 038 | _akhadija | ||
| 082 |
_a004.16 _bPEC |
||
| 100 |
_aPeckol , James K _981543 |
||
| 245 | _aEmbedded Systems A Contemporary Design Tool / | ||
| 260 |
_aNew Delhi : _bJohn Wiley _c2012. |
||
| 300 |
_a810 p : , _b25 cm . |
||
| 500 | _aPaperback. | ||
| 563 | _apaper back | ||
| 942 |
_cBK _2ddc |
||
| 999 |
_c33600 _d33600 |
||